01902cam a22003135a 45000010009000000050017000090080041000260200036000670200038001030400034001410820019001751000032001942450113002262600075003393000040004145000024004545040041004785200653005196500039011726500040012116500039012516500041012906510010013316530035013417000024013769420019014009990017014199520152014361550610420151011140601.0081029s2009 enka frb 001 0 eng d a1405176628 (pbk. : alk. paper)  a9781405176620 (pbk. : alk. paper) aDNLM/DLCbengcDLCdEG-ScBUE 04a617.6bPAN2221 aPankhurst, Caroline.93847210aBasic guide to infection prevention and control in dentistry /cCaroline L. Pankhurst and Wilson A. Coulter. aChichester ;aAmes :bWiley-Blackwell / John Wiley & Sons Ltd.,c2009. avi, 186 p. :bill. (col.) ;c24 cm. aIndex : p. 183-186. aIncludes bibliographical references. aFrom the Publisher: The Basic Guide to Infection Prevention and Control in Dentistry is a practical guide for all members of the dental team. It offers clear explanations of the key issues and concepts, an orientation of the evidence base and legal framework as well as providing a step-by-step guide to the safe running of a dental practice. Chapters cover key topics, namely: communicable diseases; occupational health and immunization; decontamination of dental equipment; surgery disinfection; sharp safe working; hand hygiene and barrier personal protection; dental unit waterlines, clinical waste management and pathology specimen handling. 0aDental officesxSanitation.2BUEsh 0aCross infectionxPrevention.2BUEsh 0aDentistryxSafety measures.2BUEsh 0aMouthxInfectionxPrevention.2BUEsh 2BUEsh bDDentcAugust2015cOctober20151 aCoulter, Wilson A.  2ddck617.6 PAN c20783d20755 00102ddc40708BaccahaMAINbMAINc1STd2015-08-31ePurchaseg373.00h23317l1o617.6 PANp000030851r2025-07-15 00:00:00s2019-11-21v466.00yBB